[Event "9th ECC w"]
[Site "Izmir TUR"]
[Date "2004.10.09"]
[Round "7"]
[White "Dzagnidze,N"]
[Black "Johansson,V"]
[Result "1/2-1/2"]
[WhiteElo "2484"]
[BlackElo "2189"]
[EventDate "2004.10.03"]

1. Nf3 c5 2. g3 Nc6 3. Bg2 g6 4. O-O Bg7 5. c3 e5 6. d3 d6 7. e4 Nge7 8.
Be3 O-O 9. Qd2 b6 10. Bh6 f6 11. Na3 Rb8 12. d4 Bg4 13. Bxg7 Kxg7 14. d5
Na5 15. b4 Nb7 16. Nc4 h6 17. Nh4 Qc7 18. Ne3 Bd7 19. f4 Rbc8 20. Rac1 b5
21. Bf3 Qb6 22. Nhg2 cxb4 23. cxb4 Rxc1 24. Rxc1 Rc8 25. Rxc8 Nxc8 26. Ne1
Qc7 27. Bg4 Bxg4 28. Nxg4 h5 29. Ne3 1/2-1/2

[Event "9th ECC w"]
[Site "Izmir TUR"]
[Date "2004.10.09"]
[Round "7"]
[White "Matnadze,A"]
[Black "Horn,E"]
[Result "1-0"]
[WhiteElo "2338"]
[BlackElo "2046"]
[EventDate "2004.10.03"]

1. d4 d5 2. g3 c6 3. Bg2 Nf6 4. Nf3 Bg4 5. O-O e6 6. c4 Nbd7 7. Qb3 Qb6 8.
c5 Qxb3 9. axb3 Be7 10. b4 O-O 11. Nc3 Ne4 12. Re1 Bf6 13. Bf4 h6 14. Ra3
Rfe8 15. Nxe4 dxe4 16. Ne5 Bxe5 17. Bxe5 f5 18. f3 exf3 19. exf3 Bh5 20. b5
cxb5 21. f4 Nxe5 22. Rxe5 Re7 23. d5 a6 24. d6 Rd7 25. Rxe6 b4 26. Rd3 Bf7
27. Re7 Rad8 28. Rxd7 Rxd7 29. Bxb7 1-0

[Event "9th ECC w"]
[Site "Izmir TUR"]
[Date "2004.10.09"]
[Round "7"]
[White "Ornstein,P"]
[Black "Gvetadze,S"]
[Result "0-1"]
[WhiteElo "2026"]
[BlackElo "2324"]
[EventDate "2004.10.03"]

1. e4 Nf6 2. e5 Nd5 3. d4 d6 4. Bc4 Nb6 5. Bb3 Nc6 6. f4 dxe5 7. dxe5 Qxd1+
8. Kxd1 Bg4+ 9. Ke1 O-O-O 10. Nc3 Nd4 11. Be3 e6 12. h3 Bf5 13. Bxd4 Rxd4
14. Nge2 Rd7 15. g4 Bg6 16. f5 exf5 17. e6 Re7 18. gxf5 Bxf5 19. exf7 g6
20. Kf2 Bh6 21. Ng3 Be6 22. Bxe6+ Rxe6 23. Kg2 Rf8 24. Rae1 Rxe1 25. Rxe1
Rxf7 26. Re8+ Kd7 27. Rb8 Kc6 28. b4 Nc4 29. Re8 Ne3+ 30. Kg1 Nxc2 31. b5+
Kd7 32. Re2 Nd4 33. Re4 Ne6 34. Kg2 Bg7 35. Nd5 c6 36. bxc6+ bxc6 37. Nb4
Rf4 38. Nd3 Rxe4 39. Nxe4 Bd4 40. Kf3 c5 41. Nd2 Kc6 42. a3 Kd5 43. h4 Bf6
0-1

[Event "9th ECC w"]
[Site "Izmir TUR"]
[Date "2004.10.09"]
[Round "7"]
[White "Benderac,A"]
[Black "Shadrina,T"]
[Result "0-1"]
[WhiteElo "2299"]
[BlackElo "2401"]
[EventDate "2004.10.03"]

1. d4 d5 2. e3 Nf6 3. Bd3 c5 4. c3 Nc6 5. f4 g6 6. Nd2 Bf5 7. Qc2 e6 8.
Ngf3 Bd6 9. Ne5 Rc8 10. Nxc6 bxc6 11. O-O O-O 12. Nf3 Qc7 13. b3 cxd4 14.
cxd4 Qb6 15. Bxf5 exf5 16. Bd2 Ne4 17. Qd3 Qb5 18. Qxb5 cxb5 19. Be1 Rc2
20. Ng5 Nf6 21. a4 b4 22. Rf2 Rfc8 23. Rb1 Ng4 24. Rf3 Rc1 25. Rxc1 Rxc1
26. Kf1 Nxh2+ 27. Ke2 Rc2+ 0-1

[Event "9th ECC w"]
[Site "Izmir TUR"]
[Date "2004.10.09"]
[Round "7"]
[White "Demina,J"]
[Black "Chelushkina,I"]
[Result "1/2-1/2"]
[WhiteElo "2336"]
[BlackElo "2373"]
[EventDate "2004.10.03"]

1. d4 Nf6 2. c4 g6 3. Nf3 Bg7 4. g3 O-O 5. Bg2 d5 6. cxd5 Nxd5 7. O-O c6 8.
e4 Nb6 9. h3 Na6 10. Nc3 Be6 11. Kh2 Bc4 12. Rg1 Nc7 13. Be3 Ba6 14. Qc1
Ne6 15. Rd1 Nc4 16. b3 Nxe3 17. Qxe3 Qa5 18. e5 Rfd8 19. a3 Rd7 20. b4 Qd8
21. d5 Nc7 22. dxc6 bxc6 23. Nd4 Nd5 24. Nxd5 cxd5 25. b5 Bb7 26. Nc6 Qb6
27. Qxb6 axb6 28. Rxd5 Rxd5 29. Bxd5 e6 1/2-1/2

[Event "9th ECC w"]
[Site "Izmir TUR"]
[Date "2004.10.09"]
[Round "7"]
[White "Peptan,C"]
[Black "Polovnikova,E"]
[Result "1/2-1/2"]
[WhiteElo "2429"]
[BlackElo "2407"]
[EventDate "2004.10.03"]

1. e4 e5 2. Nf3 Nf6 3. Nxe5 d6 4. Nf3 Nxe4 5. c4 Nc6 6. Be2 g6 7. O-O Bg7
8. d3 Nf6 9. Nc3 O-O 10. d4 d5 11. Bf4 Be6 12. c5 Ne4 13. Bb5 Bg4 14. Bxc6
bxc6 15. h3 Bxf3 16. Qxf3 f5 17. Rad1 Rb8 18. Bc1 Qc8 19. Qd3 Nxc3 20. bxc3
f4 21. f3 g5 22. Rde1 Re8 23. Rxe8+ Qxe8 24. Kf2 Qd7 25. Re1 Re8 26. Rxe8+
Qxe8 27. Qf5 Qg6 28. Qxg6 hxg6 29. g3 Bh6 30. Kg2 Kf7 31. Ba3 Bf8 32. Bc1
Bd6 33. Ba3 Bf8 34. gxf4 gxf4 35. h4 Ke6 36. Kh3 Kf5 37. Bb4 Be7 38. Ba5
Bd8 39. a3 a6 40. a4 Bf6 41. Bxc7 Be7 42. Ba5 Bf6 43. Bb4 Bd8 44. Ba3 Be7
45. Bc1 Bd8 46. Bd2 Be7 47. Be1 Bd8 48. Kg2 Be7 49. Kf1 Bd8 50. Ke2 Be7 51.
Kd3 Bd8 52. Kc2 Bc7 53. Kb3 Ba5 54. Bf2 Ke6 55. Be1 Kf5 56. Bd2 Bd8 57. Be1
Ba5 58. Kc2 Bc7 59. Kd3 Bd8 60. c4 Ke6 61. Bd2 Bxh4 62. Bxf4 Bf2 63. Bd2
Bg1 64. Be1 Bh2 65. Kc3 Bg1 66. Bh4 Be3 67. Bg3 Bg5 68. Be5 Bh4 69. Bf4
1/2-1/2

[Event "9th ECC w"]
[Site "Izmir TUR"]
[Date "2004.10.09"]
[Round "7"]
[White "Slavina,I"]
[Black "Maric,A"]
[Result "1/2-1/2"]
[WhiteElo "2401"]
[BlackElo "2418"]
[EventDate "2004.10.03"]

1. e4 c6 2. d4 d5 3. e5 Bf5 4. Nf3 e6 5. a3 Nd7 6. Nbd2 Nh6 7. h3 Bg6 8.
Be2 f6 9. exf6 Qxf6 10. Nf1 e5 11. Bg5 Qd6 12. Qd2 Nf7 13. dxe5 Ndxe5 14.
Bf4 Nxf3+ 15. Bxf3 Qe6+ 16. Ne3 Bd6 17. Bxd6 Qxd6 18. h4 h6 19. Rd1 O-O
1/2-1/2

[Event "9th ECC w"]
[Site "Izmir TUR"]
[Date "2004.10.09"]
[Round "7"]
[White "Chistiakova,T"]
[Black "Molchanova,T"]
[Result "1/2-1/2"]
[WhiteElo "2301"]
[BlackElo "2298"]
[EventDate "2004.10.03"]

1. Nf3 d5 2. e3 c6 3. c4 Nd7 4. Nc3 Ngf6 5. b3 e5 6. cxd5 cxd5 7. Bb2 Bd6
8. Nb5 Bb8 9. Ba3 Nb6 10. d4 e4 11. Ne5 a6 12. Nc3 Nbd7 13. Nxd7 Bxd7 14.
Qc2 Bc7 15. Be2 Rc8 16. Rc1 Ng4 17. Qb1 Qg5 18. h4 Qf5 19. Rf1 h5 20. Kd2
Nh2 21. Rfe1 Rh6 22. f3 Bc6 23. fxe4 dxe4 24. Nd1 Qa5+ 25. b4 Qf5 26. Rc5
Qd7 27. b5 axb5 28. Rg5 Bd6 29. Bxd6 Rxd6 30. Bxh5 Rd5 31. Rh1 Rxg5 32.
hxg5 Ng4 33. Rh4 Ne5 34. Be2 Ng6 35. Rh5 Ra8 36. Nc3 Qf5 37. Nxb5 Kf8 38.
Nc3 Qa5 39. Bc4 Rc8 40. Qb3 Bd7 41. Rh1 b5 42. Bxf7 Rxc3 43. Qxc3 Qxc3+ 44.
Kxc3 Kxf7 45. d5 Ne7 46. Kd4 Nf5+ 47. Kc5 Ke7 48. Re1 Nd6 49. Kd4 Be8 50.
Rc1 Kd7 51. Rc6 Bg6 52. Kc5 Nb7+ 53. Kxb5 1/2-1/2

[Event "9th ECC w"]
[Site "Izmir TUR"]
[Date "2004.10.09"]
[Round "7"]
[White "Dushenok,A"]
[Black "Shaidullina,S"]
[Result "1/2-1/2"]
[WhiteElo "2238"]
[BlackElo "2308"]
[EventDate "2004.10.03"]

1. d4 d5 2. c4 c6 3. Nf3 Nf6 4. Qc2 e6 5. g3 b6 6. Bg2 Bb7 7. O-O Be7 8.
Nbd2 O-O 9. b3 Nbd7 10. Bb2 Qc7 11. Rac1 Rac8 12. Ne5 c5 13. Ndf3 cxd4 14.
Bxd4 Ba3 15. Nxd7 Nxd7 16. Ng5 g6 17. Bb2 Be7 18. Qd2 Qd8 19. Nh3 Bf6 20.
cxd5 exd5 21. Rxc8 Qxc8 22. Nf4 Re8 23. Bxd5 Bxb2 24. Qxb2 Bxd5 25. Nxd5
Qc5 26. Ne3 h5 27. Rc1 Qd6 28. Rd1 Qe6 29. Qa3 Nf6 30. Qxa7 h4 31. Qc7 Ng4
32. Rd6 Qe4 33. Qc6 Nxf2 34. Qxe4 Nxe4 35. Rxb6 Nc3 36. Kf2 Ne4+ 37. Kg2
Nc3 38. Kf2 Ne4+ 39. Kg2 1/2-1/2

[Event "9th ECC w"]
[Site "Izmir TUR"]
[Date "2004.10.09"]
[Round "7"]
[White "Zaiatz,E"]
[Black "Sirotkina,N"]
[Result "1-0"]
[WhiteElo "2400"]
[BlackElo "2221"]
[EventDate "2004.10.03"]

1. d4 Nf6 2. c4 e5 3. dxe5 Ng4 4. e3 Nxe5 5. Nh3 Bb4+ 6. Bd2 Bxd2+ 7. Qxd2
d6 8. Nf4 O-O 9. Be2 Nbd7 10. Nc3 Nc5 11. b4 Ne6 12. O-O Nxf4 13. exf4 Ng6
14. Bd3 Ne7 15. Qc2 h6 16. Rad1 Bd7 17. Rfe1 Kh8 18. Be4 Rb8 19. f5 Ng8 20.
c5 dxc5 21. bxc5 c6 22. Qa4 a6 23. Bc2 Nf6 24. g4 Re8 25. Rxe8+ Qxe8 26.
Qd4 Qe7 27. h4 Be8 28. g5 hxg5 29. hxg5 Nh7 30. f6 gxf6 31. Bxh7 Kxh7 32.
gxf6 Qf8 33. Qe4+ Kh8 34. Qh4+ Kg8 35. Qg5+ Kh7 36. Rd4 1-0

[Event "9th ECC w"]
[Site "Izmir TUR"]
[Date "2004.10.09"]
[Round "7"]
[White "Miloradovic,J"]
[Black "Prudnikova,S"]
[Result "0-1"]
[WhiteElo "2133"]
[BlackElo "2402"]
[EventDate "2004.10.03"]

1. g3 c5 2. c4 Nc6 3. Bg2 g6 4. e3 Bg7 5. Ne2 e5 6. O-O Nge7 7. Nbc3 O-O 8.
a3 d6 9. Rb1 a5 10. Qc2 Rb8 11. Nb5 Be6 12. b3 b6 13. Nec3 d5 14. d3 Qd7
15. Rd1 h6 16. Ne2 g5 17. cxd5 Bxd5 18. e4 Be6 19. f4 f6 20. h4 gxf4 21.
gxf4 f5 22. fxe5 Nxe5 23. Nf4 Bf7 24. d4 Ng4 25. a4 cxd4 26. Qc7 Rfd8 27.
Ba3 Be5 28. Qxd7 Rxd7 29. Nd3 Bh2+ 30. Kh1 h5 31. Bxe7 Rxe7 32. Nxd4 Rd7
33. Nxf5 Rbd8 34. Bf3 Rxd3 35. Bxg4 hxg4 36. Rxd3 Rxd3 37. Nh6+ Kg7 38.
Nxf7 Bg3 39. Ng5 Bxh4 40. Ne6+ Kf6 41. Nf4 Rd2 42. Nd5+ Ke5 43. Nxb6 Kxe4
44. Nc4 Re2 45. Rb2 Rxb2 46. Nxb2 Kf3 47. Nd3 Bf2 48. Ne5+ Kg3 49. Nd3 Bd4
50. b4 axb4 51. Nxb4 Kf3 52. Nd3 Bc3 53. Nc1 g3 54. Nb3 Kf2 0-1